| Поле | Название | Значение |
| |
Тип записи |
a |
| |
Библиографический уровень |
m |
| 001 |
Контрольный номер |
0b64266fa43b489b8ebb5e38a22f0704 |
| 005 |
Дата корректировки |
20150414052536.0 |
| 010 |
Индекс ISBN |
__ |
| a |
ISBN |
978-5-9916-4834-9 |
| d |
Цена |
498,96 |
| 101 |
Язык документа |
0_ |
| a |
Язык текста |
rus |
| 102 |
Страна публикации |
__ |
| a |
Страна публикации |
RU |
| 200 |
Заглавие и сведения об ответственности |
1_ |
| a |
Заглавие |
Мировая экономика и международные экономические отношения |
| b |
Общее обозначение материала |
Текст |
| e |
Сведения, относящиеся к заглавию |
учебник для академического бакалавриата |
| f |
Первые сведения об ответственности |
под ред. Р. К. Щенина, В. В. Полякова |
| 210 |
Выходные данные |
1_ |
| a |
Место издания |
М |
| c |
Издательство |
Издательство Юрайт |
| d |
Дата издания |
2015 |
| 215 |
Физическое описание |
__ |
| a |
Объем |
446с. |
| 225 |
Серия |
2_ |
| a |
Серия |
Бакалавр. Академический курс |
| 610 |
Ключевые слова |
0_ |
| a |
Ключевые слова |
мировая экономика |
| a |
Ключевые слова |
глобальное экономическое регулирование |
| a |
Ключевые слова |
международные экономические отношения |
| a |
Ключевые слова |
мировая промышленность |
| a |
Ключевые слова |
североамериканская экономическая система |
| a |
Ключевые слова |
тенденции развития мировой экономики |
| a |
Ключевые слова |
международная торговля |
| 686 |
Индексы других классификаций |
__ |
| a |
Классификационный индекс |
65.5 |
| 801 |
Источник записи |
_0 |
| a |
Страна |
RU |
| b |
Организация |
РУК |
| g |
Правила каталогизации |
PSBO |
| 801 |
Источник записи |
_1 |
| a |
Страна |
RU |
| b |
Организация |
РУК |
| g |
Правила каталогизации |
PSBO |
| 852 |
Данные о местонахождении |
__ |
| i |
Авторский знак |
М64 |
| j |
Шифр хранения |
65.5 |
| b |
Сигла хранения |
ЧЗ_1 |
| t |
Номер экземпляра |
5 |
| p |
Инвентарный номер |
150431 |
| p |
Инвентарный номер |
150432 |
| p |
Инвентарный номер |
150433 |
| p |
Инвентарный номер |
150434 |
| p |
Инвентарный номер |
150435 |
| 901 |
Тип документа |
__ |
| t |
Тип документа |
m |
| 937 |
Технологическая информация |
__ |
| a |
Создатель записи (имя) |
Носкова |
| 938 |
Служебная информация |
__ |
| a |
Название организации |
Саранский филиал |
| 938 |
Служебная информация |
__ |
| a |
Название организации |
Дальневосточный филиал |
| 952 |
Тип литературы |
__ |
| b |
Гриф литературы для ВШ |
гриф УМО |
| c |
Вид литературы |
учебник |